[Event "Elit(Skara-Manhem)"]
[Site "?"]
[Date "2008.02.23"]
[Round "8"]
[White "Kinnmark, Ove"]
[Black "Andersson, Goran"]
[Result "0-1"]
[WhiteElo "2274"]
[BlackElo "2198"]
[PlyCount "112"]

1. e4 c5 2. Nf3 d6 3. c3 Nf6 4. Be2 e5 5. O-O Be7 6. d3 O-O 7. a3 Nc6 8. b4 a6
9. Nbd2 b5 10. Bb2 Re8 11. Re1 Bf8 12. Bf1 Bb7 13. h3 g6 14. bxc5 dxc5 15. a4
b4 16. Nc4 Qc7 17. cxb4 cxb4 18. Rc1 Nd7 19. d4 exd4 20. Nxd4 Bg7 21. Nxc6 Bxb2
22. Nxb2 Bxc6 23. Qd4 Qb7 24. Nc4 Bxa4 25. Nd6 Qb6 26. Qxb6 Nxb6 27. Nxe8 Bxe8
28. Red1 a5 29. Rd6 Rb8 30. Rb1 Kf8 31. Rd4 Ke7 32. Be2 Bd7 33. Bd1 Be6 34. Ra1
Ra8 35. Rb1 Rc8 36. Ra1 Rc5 37. f4 b3 38. Rb1 a4 39. g4 Rc4 40. Rxc4 Bxc4 41.
Kf2 Kd6 42. Ke3 Kc5 43. h4 Kb4 44. Kd4 a3 45. Bxb3 Bxb3 46. Ke5 Nc4+ 47. Kf6
Nd2 48. Ra1 Nxe4+ 49. Kg7 h5 50. gxh5 gxh5 51. f5 a2 52. Kh6 Ng3 53. Kg5 Ka3
54. Kf4 Nxf5 55. Kxf5 Kb2 56. Rxa2+ Kxa2 0-1

[Event "Elit(Skara-Manhem)"]
[Site "?"]
[Date "2008.02.23"]
[Round "8"]
[White "Jacobsson, Erik"]
[Black "Vas, Peter"]
[Result "0-1"]
[WhiteElo "2128"]
[BlackElo "2209"]
[PlyCount "88"]
[EventDate "2008.??.??"]

1. e4 e5 2. Nf3 Nf6 3. Nxe5 d6 4. Nf3 Nxe4 5. Nc3 Nxc3 6. dxc3 Be7 7. Bf4 Nd7
8. Qd2 Nc5 9. Bc4 O-O 10. O-O-O Bf6 11. Rde1 Rb8 12. Nd4 Bd7 13. Re3 a5 14. a3
Re8 15. Rhe1 Rxe3 16. Rxe3 Qf8 17. Bd5 c6 18. Ba2 Rd8 19. Nb3 Be6 20. Kb1 Nxb3
21. Bxb3 d5 22. Be5 Qe7 23. Qd4 Bxe5 24. Qxe5 b5 25. a4 Qb7 26. axb5 Qxb5 27.
Qd4 c5 28. Qa4 Qf1+ 29. Ka2 c4 30. Qxa5 cxb3+ 31. cxb3 Rb8 32. Qa7 Qb5 33. Qa3
Bf5 34. Qa4 Kf8 35. Qxb5 Rxb5 36. b4 d4 37. cxd4 Rxb4 38. Re5 Be6+ 39. d5 Rb5
40. Ka3 Rxd5 41. Re2 Ke7 42. b4 Kd6 43. Ka4 Kc6 44. Rc2+ Kb6 0-1

[Event "Elit(LASK-Kamraterna)"]
[Site "?"]
[Date "2008.02.23"]
[Round "8"]
[White "Andreasson, Ingvar"]
[Black "Olsson, Linus"]
[Result "1-0"]
[WhiteElo "2398"]
[BlackElo "2465"]
[PlyCount "85"]

1. e4 c5 2. Nf3 d6 3. Bb5+ Bd7 4. a4 Nf6 5. d3 g6 6. O-O Bg7 7. e5 dxe5 8. Nxe5
O-O 9. Re1 a6 10. Bxd7 Nfxd7 11. Nxd7 Qxd7 12. a5 Nc6 13. Nd2 Qf5 14. Nc4 Rad8
15. Ra3 Rd7 16. Rb3 Rfd8 17. Rb6 e6 18. Bd2 h5 19. Bc3 Nd4 20. Bxd4 Bxd4 21.
Qe2 Kg7 22. h3 Qf4 23. c3 Bf6 24. Qe4 Qf5 25. Kf1 Qd5 26. Ne3 Qxe4 27. dxe4 Rb8
28. Nc4 Bd8 29. Rb3 Bc7 30. Ke2 f6 31. h4 Kf7 32. g3 Ke7 33. Rg1 Rdd8 34. Ke3
Rh8 35. Rd1 Rhd8 36. Rxd8 Kxd8 37. e5 Ke7 38. Ke4 Kf7 39. f3 Ke7 40. g4 Kf7 41.
exf6 Kxf6 42. Ne5 Kg7 43. c4 1-0

[Event "Elit(LASK-Kamraterna)"]
[Site "?"]
[Date "2008.02.23"]
[Round "8"]
[White "Lund, Esben"]
[Black "Aberg, Anton"]
[Result "1-0"]
[WhiteElo "2474"]
[BlackElo "2393"]
[PlyCount "47"]

1. d4 d5 2. c4 c6 3. Nf3 Nf6 4. e3 a6 5. Bd3 Bg4 6. Nbd2 e6 7. Qc2 Nbd7 8. b3
Bh5 9. Bb2 Be7 10. O-O Bg6 11. Bxg6 hxg6 12. e4 dxe4 13. Nxe4 Nxe4 14. Qxe4 O-O
15. Rad1 Nf6 16. Qe2 Qc7 17. Rd3 Rad8 18. Rfd1 Rfe8 19. Ne5 Nd7 20. Nxg6 fxg6
21. Qxe6+ Kf8 22. Rh3 Bh4 23. Qxg6 Ne5 24. Qh5 1-0

[Event "Elit(LASK-Kamraterna)"]
[Site "?"]
[Date "2008.02.23"]
[Round "8"]
[White "Svensson, Bengt"]
[Black "Tikkanen, Hans"]
[Result "1/2-1/2"]
[WhiteElo "2515"]
[BlackElo "2497"]
[PlyCount "63"]

1. e4 c5 2. Nf3 Nc6 3. d4 cxd4 4. Nxd4 Nf6 5. Nc3 e5 6. Ndb5 d6 7. Bg5 a6 8.
Na3 b5 9. Bxf6 gxf6 10. Nd5 f5 11. Bxb5 axb5 12. Nxb5 Ra4 13. b4 Rxb4 14. Nbc7+
Kd7 15. O-O Rg8 16. Nxb4 Nxb4 17. Nd5 Nxd5 18. Qxd5 Ke7 19. a4 Be6 20. Qb7+ Kf6
21. a5 d5 22. a6 Bc5 23. a7 Qa8 24. Qxa8 Rxa8 25. exd5 Bxd5 26. Ra5 Bc4 27.
Rxc5 Bxf1 28. Kxf1 Rxa7 29. g3 Ra4 30. Rc6+ Ke7 31. c4 Ra2 32. c5 1/2-1/2

[Event "Elit(LASK-Kamraterna)"]
[Site "?"]
[Date "2008.02.23"]
[Round "8"]
[White "Semcesen, Daniel"]
[Black "Hamark, Jesper"]
[Result "1/2-1/2"]
[WhiteElo "2413"]
[BlackElo "2380"]
[PlyCount "108"]

1. d4 e6 2. Nf3 c5 3. g3 cxd4 4. Nxd4 Nf6 5. Bg2 a6 6. c4 Qc7 7. b3 Bb4+ 8. Bd2
Bc5 9. Bc3 Nc6 10. O-O d6 11. e3 e5 12. Nxc6 bxc6 13. Nd2 a5 14. a3 Bg4 15. Qc2
O-O 16. b4 axb4 17. axb4 Bb6 18. Nb3 Rxa1 19. Rxa1 Nd7 20. Bb2 Be6 21. c5 dxc5
22. Nxc5 Bxc5 23. bxc5 Bd5 24. Bh3 Nf6 25. Qc3 Re8 26. Qa5 Qxa5 27. Rxa5 h5 28.
Bf5 g6 29. Bc2 Ne4 30. f3 Nd2 31. e4 Be6 32. Bc3 Nxf3+ 33. Kg2 Nd4 34. Ba4 Rc8
35. Ra6 Bd7 36. Kf2 Ne6 37. Ra7 Nxc5 38. Bc2 Be8 39. Bxe5 Ne6 40. Ke3 Ng5 41.
Bd3 Ne6 42. Bc4 Nf8 43. Bd6 Rd8 44. e5 Rc8 45. h3 Rd8 46. g4 hxg4 47. hxg4 Ne6
48. Ra1 Bd7 49. Rd1 Bc8 50. Rf1 Re8 51. Rc1 Nd8 52. Be2 Be6 53. Bf3 Kg7 54. Rh1
Bd5 1/2-1/2

[Event "Elit(LASK-Kamraterna)"]
[Site "?"]
[Date "2008.02.23"]
[Round "8"]
[White "Dragicevic, Drazen"]
[Black "Haggstrom, Olle"]
[Result "1/2-1/2"]
[WhiteElo "2348"]
[BlackElo "2239"]
[PlyCount "87"]

1. e4 e6 2. d4 d5 3. Nc3 Bb4 4. Nge2 dxe4 5. a3 Bxc3+ 6. Nxc3 Nc6 7. Bb5 Nge7
8. Bg5 f6 9. Be3 O-O 10. Nxe4 f5 11. Ng5 f4 12. Bd2 Qd5 13. Bxc6 Nxc6 14. Nf3
Nxd4 15. Nxd4 Qxd4 16. Bc3 Qe4+ 17. Qe2 Qxe2+ 18. Kxe2 Bd7 19. f3 Rad8 20. Kf2
Bc8 21. Rad1 Rd5 22. Rhe1 Rfd8 23. Rxd5 Rxd5 24. Be5 Rd2+ 25. Re2 Rxe2+ 26.
Kxe2 g5 27. Bxc7 Kf7 28. Kd3 Bd7 29. c4 Kf6 30. Kd4 Kf5 31. b4 b5 32. c5 Bc6
33. Kd3 e5 34. Ke2 h5 35. Bb8 a6 36. Bc7 Bd5 37. Kf2 Bc6 38. Bd8 g4 39. Be7 e4
40. fxe4+ Bxe4 41. Bd6 Bc6 42. Bc7 Ke4 43. Bd6 Bd5 44. Bc7 1/2-1/2

[Event "Elit(LASK-Kamraterna)"]
[Site "?"]
[Date "2008.02.23"]
[Round "8"]
[White "Svenn, Matti"]
[Black "Gajic, Mladen"]
[Result "1-0"]
[WhiteElo "2246"]
[BlackElo "2220"]
[PlyCount "53"]

1. e4 e6 2. d4 d5 3. e5 c5 4. Nf3 cxd4 5. Bd3 Bb4+ 6. Nbd2 Nc6 7. O-O Nge7 8.
a3 Ba5 9. Nb3 Bc7 10. Re1 Ng6 11. Bg5 f6 12. exf6 gxf6 13. Bh6 Kf7 14. Nfxd4 e5
15. Nb5 Bb8 16. Qh5 a6 17. Nc3 Ba7 18. Rad1 Be6 19. Bf5 Bxf5 20. Qxf5 Nce7 21.
Qf3 e4 22. Qh5 f5 23. Nxd5 Qc8 24. Nxe7 Kxe7 25. Bg7 Qxc2 26. Qxf5 e3 27. Rd7+
1-0

[Event "Elit(LASK-Kamraterna)"]
[Site "?"]
[Date "2008.02.23"]
[Round "8"]
[White "Johansson, Alexander"]
[Black "Nyberg, Ulf"]
[Result "0-1"]
[WhiteElo "2173"]
[BlackElo "2163"]
[PlyCount "170"]

1. d4 Nf6 2. c4 e6 3. Nc3 Bb4 4. a3 Bxc3+ 5. bxc3 b6 6. e3 Bb7 7. Nf3 O-O 8.
Bd3 Ne4 9. Qc2 f5 10. O-O d6 11. Nd2 Qh4 12. f3 Nxd2 13. Bxd2 Nd7 14. Rae1 Rf6
15. Rf2 c5 16. g3 Qh5 17. e4 fxe4 18. Bxe4 Bxe4 19. Qxe4 d5 20. Qe2 Rc8 21. g4
Qf7 22. g5 Rf5 23. cxd5 exd5 24. f4 c4 25. h4 Nf8 26. h5 Rc6 27. Qg4 Re6 28.
Ref1 Re4 29. Rg2 g6 30. Rh2 gxh5 31. Rxh5 Ng6 32. Rh6 Re6 33. Rf2 Re7 34. Rfh2
Qe6 35. Qh5 Qf7 36. Qg4 Qe6 37. Qh5 Rff7 38. Qf3 Qf5 39. Rf2 Re4 40. Rh5 Rfe7
41. Rh6 Rf7 42. Qg3 Re8 43. Qh3 Qxh3 44. Rxh3 Rf5 45. Re3 Ref8 46. Ref3 R8f7
47. Kh2 Re7 48. Re3 Rxe3 49. Bxe3 Ne7 50. Kg3 Rf7 51. Kg4 Nf5 52. Bc1 b5 53.
Re2 h5+ 54. gxh6 Nxh6+ 55. Kg5 Kg7 56. Re5 Rd7 57. Re6 Nf7+ 58. Kh5 Nd6 59.
Rg6+ Kf7 60. Rg3 Ne4 61. Rf3 Kf6 62. f5 Rh7+ 63. Kg4 Rg7+ 64. Kf4 Rg5 65. Rh3
Rxf5+ 66. Ke3 Rf1 67. Bd2 Rd1 68. Rh6+ Kg5 69. Re6 Rxd2 70. Re5+ Kf6 71. Rxd5
Nxc3 72. Rd7 Rd3+ 73. Kf2 a5 74. Ra7 a4 75. Ra8 Kf5 76. Rd8 Ke4 77. Rh8 Kxd4
78. Rh4+ Ne4+ 79. Ke2 Rxa3 80. Rg4 Ra2+ 81. Kf1 c3 82. Rg8 Ra1+ 83. Ke2 c2 84.
Rd8+ Kc4 85. Rc8+ Nc5 0-1

[Event "Elit(Solna-Wasa)"]
[Site "?"]
[Date "2008.02.23"]
[Round "8"]
[White "Wedberg, Tom"]
[Black "Jonsson, Mikael"]
[Result "1-0"]
[WhiteElo "2556"]
[BlackElo "2324"]
[PlyCount "103"]
[SourceDate "2008.03.03"]

1. e4 e5 2. Nf3 Nc6 3. Bb5 a6 4. Ba4 Nf6 5. O-O Be7 6. Bxc6 dxc6 7. d3 Nd7 8.
Nbd2 f6 9. Nh4 O-O 10. Nf5 Nc5 11. Qg4 g6 12. Qg3 Ne6 13. Nb3 Kh8 14. Nxe7 Qxe7
15. f4 Nxf4 16. Bxf4 exf4 17. Rxf4 c5 18. Qf2 b6 19. Rf1 Kg7 20. Nc1 Be6 21.
Ne2 f5 22. Qe3 Bg8 23. Qd2 fxe4 24. Qc3+ Kh6 25. dxe4 Rxf4 26. Rxf4 Rf8 27.
Rxf8 Qxf8 28. Qh3+ Kg7 29. Qd7+ Qf7 30. Qxf7+ Bxf7 31. a3 Kf6 32. Kf2 Ke5 33.
Ke3 g5 34. g4 Bg6 35. Ng3 Be8 36. Nf1 Bc6 37. Nd2 h6 38. Nf3+ Ke6 39. h4 gxh4
40. Nxh4 Kf6 41. Nf3 Be8 42. Kf4 Bf7 43. Nh4 h5 44. g5+ Ke6 45. g6 Be8 46. Kg5
Ke5 47. g7 Bf7 48. Ng6+ Kxe4 49. Kf6 Bg8 50. Ne7 Bh7 51. Kg5 h4 52. Kxh4 1-0

[Event "Elit(Solna-Wasa)"]
[Site "?"]
[Date "2008.02.23"]
[Round "8"]
[White "Lindberg, Bengt"]
[Black "Hellborg, Teodor"]
[Result "1-0"]
[WhiteElo "2458"]
[BlackElo "2384"]
[PlyCount "61"]

1. e4 c5 2. Nf3 e6 3. d4 cxd4 4. Nxd4 Nf6 5. Nc3 Nc6 6. Ndb5 d6 7. Bf4 e5 8.
Bg5 a6 9. Na3 b5 10. Nd5 Be7 11. Bxf6 Bxf6 12. c3 Bg5 13. Nc2 O-O 14. a4 bxa4
15. Rxa4 a5 16. Bc4 Rb8 17. Ra2 g6 18. Nce3 Kh8 19. h4 Bxh4 20. g3 Bg5 21. f4
exf4 22. gxf4 Bh4+ 23. Kd2 f5 24. Kc1 Bf2 25. b3 Bxe3+ 26. Nxe3 Rb7 27. Rah2
Rg7 28. Qd5 Qb6 29. Qxd6 Rd8 30. Rxh7+ Rxh7 31. Qf6# 1-0

[Event "Elit(Solna-Wasa)"]
[Site "?"]
[Date "2008.02.23"]
[Round "8"]
[White "von Bahr, Oskar"]
[Black "Karlsson, Tomas"]
[Result "1-0"]
[WhiteElo "2388"]
[BlackElo "2293"]
[PlyCount "41"]

1. e4 e6 2. d4 d5 3. Nc3 Bb4 4. e5 c5 5. a3 Bxc3+ 6. bxc3 Ne7 7. Nf3 Nbc6 8.
Be2 Qa5 9. Bd2 c4 10. h4 Bd7 11. h5 O-O-O 12. Ng5 Rdf8 13. h6 g6 14. Bg4 f5 15.
exf6 Rxf6 16. O-O e5 17. Bxd7+ Kxd7 18. dxe5 Nxe5 19. Be3 N5c6 20. Rb1 Qa6 21.
Ne4 1-0

[Event "Elit(Solna-Wasa)"]
[Site "?"]
[Date "2008.02.23"]
[Round "8"]
[White "Bergstrom, Christer"]
[Black "Astrom, Goran"]
[Result "1/2-1/2"]
[WhiteElo "2333"]
[BlackElo "2266"]
[PlyCount "85"]

1. Nf3 c5 2. c4 Nf6 3. Nc3 e6 4. g3 b6 5. Bg2 Bb7 6. O-O Be7 7. Re1 Ne4 8. Nxe4
Bxe4 9. d3 Bb7 10. e4 d6 11. d4 cxd4 12. Nxd4 O-O 13. b3 Nd7 14. Bb2 a6 15. Qe2
Qc7 16. Rad1 Rfe8 17. Kh1 Rad8 18. f4 Bf8 19. Nf3 Qb8 20. Rf1 b5 21. cxb5 axb5
22. Ng5 h6 23. Nf3 b4 24. g4 Nc5 25. g5 Nxe4 26. gxh6 gxh6 27. Ne5 dxe5 28.
Bxe4 Bg7 29. Rxd8 Rxd8 30. Rg1 Qa8 31. Bxb7 Qxb7+ 32. Rg2 f6 33. fxe5 f5 34. h3
Qd5 35. Kh2 Kh8 36. Qe3 Rd7 37. Re2 Kh7 38. Rg2 Bh8 39. Qf4 Bg7 40. Qg3 Kh8 41.
Qf4 Kh7 42. Qg3 Kh8 43. Qf4 1/2-1/2

[Event "Elit(Solna-Wasa)"]
[Site "?"]
[Date "2008.02.23"]
[Round "8"]
[White "Genkin, Michael"]
[Black "Johansson, Gunnar"]
[Result "1/2-1/2"]
[WhiteElo "2339"]
[BlackElo "2296"]
[PlyCount "144"]

1. c4 c6 2. e4 d5 3. exd5 cxd5 4. d4 Nf6 5. Nc3 e6 6. Nf3 Bb4 7. Bd3 O-O 8. O-O
dxc4 9. Bxc4 Nc6 10. Bg5 Be7 11. a3 a6 12. Qd3 b5 13. Bb3 Bb7 14. Rfd1 Nd5 15.
Bxd5 Bxg5 16. Be4 h6 17. d5 exd5 18. Bxd5 Na5 19. Qe4 Bxd5 20. Rxd5 Qe8 21.
Nxg5 hxg5 22. Rxg5 Qxe4 23. Nxe4 Rfd8 24. g3 Rd4 25. Nc5 Nc4 26. b4 a5 27. Nb3
Rd3 28. Nxa5 Nxa5 29. bxa5 Rxa5 30. Rb1 Rdxa3 31. Rgxb5 Rxb5 32. Rxb5 g6 33.
Kg2 Ra2 34. Rc5 Kg7 35. g4 Ra3 36. f3 Rb3 37. Ra5 Rc3 38. Rb5 Ra3 39. Kg3 Ra4
40. Rc5 Ra3 41. h3 Rb3 42. Ra5 Rc3 43. h4 Rb3 44. h5 Rc3 45. Rd5 Ra3 46. Kf4
Rb3 47. Re5 Ra3 48. Rd5 Rb3 49. Ke4 Ra3 50. hxg6 Kxg6 51. f4 Ra4+ 52. Rd4 Ra6
53. Ke5 f6+ 54. Kd5 Kf7 55. f5 Ra5+ 56. Kc6 Re5 57. Rd7+ Kf8 58. Kd6 Re4 59.
Rc7 Re1 60. Kd5 Re5+ 61. Kd4 Kg8 62. Rc6 Kf7 63. Rc3 Re7 64. Re3 Rd7+ 65. Ke4
Rc7 66. Kf4 Rc4+ 67. Re4 Rc3 68. Ra4 Rc1 69. Ra7+ Kf8 70. Kg3 Rg1+ 71. Kf3 Rf1+
72. Kg2 Rc1 1/2-1/2

[Event "Elit(Solna-Wasa)"]
[Site "?"]
[Date "2008.02.23"]
[Round "8"]
[White "Landgren, Andreas"]
[Black "Berkell, Peder"]
[Result "0-1"]
[WhiteElo "2198"]
[BlackElo "2217"]
[PlyCount "62"]

1. d4 g6 2. c4 Bg7 3. e4 d6 4. Nc3 Nf6 5. Nf3 O-O 6. h3 e5 7. d5 Nh5 8. Nh2 Qe8
9. Be2 f5 10. exf5 Nf4 11. Bxf4 exf4 12. fxg6 Qxg6 13. Bg4 Nd7 14. O-O Ne5 15.
Bh5 Qh6 16. Ng4 Bxg4 17. Bxg4 f3 18. Re1 Nxg4 19. hxg4 Be5 20. Rxe5 dxe5 21.
gxf3 Qh3 22. Qd2 Rae8 23. Re1 Rxf3 24. Qg5+ Kh8 25. Ne4 Rf4 26. Nf6 Qf3 27.
Rxe5 Qxf2+ 28. Kh1 Qf1+ 29. Kh2 Rf2+ 30. Kg3 Rf3+ 31. Kh4 Rh3# 0-1

[Event "Elit(Solna-Wasa)"]
[Site "?"]
[Date "2008.02.23"]
[Round "8"]
[White "Steneskog, Per"]
[Black "Nordstrom, Felix"]
[Result "1/2-1/2"]
[WhiteElo "2231"]
[BlackElo "2215"]
[PlyCount "121"]

1. d4 d5 2. c4 c6 3. Nc3 Nf6 4. Nf3 e6 5. Bg5 h6 6. Bxf6 Qxf6 7. e3 Nd7 8. Qc2
Bd6 9. Be2 O-O 10. O-O Qe7 11. Rad1 dxc4 12. Bxc4 e5 13. Ne4 Bc7 14. d5 cxd5
15. Bxd5 Nb6 16. Bb3 Bg4 17. Rc1 Bxf3 18. gxf3 Rac8 19. Qc5 Bd8 20. Qd6 Re8 21.
Rfd1 Bc7 22. Qxe7 Rxe7 23. Rd2 Rce8 24. Kf1 Kf8 25. Ke2 Rd8 26. Rxd8+ Bxd8 27.
Nd6 Rd7 28. Rd1 Bf6 29. h3 e4 30. Nxe4 Bxb2 31. Rxd7 Nxd7 32. Nd6 Nc5 33. Bd5
Ke7 34. Nxf7 b5 35. Nh8 Kd6 36. Bb3 Nxb3 37. axb3 a5 38. Kd3 a4 39. bxa4 bxa4
40. Kc2 Bf6 41. Ng6 a3 42. Kb3 Kc5 43. Kxa3 Kc4 44. e4 Bd4 45. Nh4 Bxf2 46. Nf5
Bc5+ 47. Kb2 Kd3 48. e5 Ke2 49. e6 Kxf3 50. Nxg7 Kg3 51. Nf5+ Kxh3 52. Nxh6 Kh4
53. Kc3 Kg5 54. Kc4 Ba3 55. Nf7+ Kf6 56. Kd5 Ke7 57. Ne5 Ke8 58. Kc6 Ke7 59.
Kd5 Ke8 60. Nc6 Bb2 61. Ke4 1/2-1/2

[Event "Elit(Upsala-Sollentuna)"]
[Site "?"]
[Date "2008.02.23"]
[Round "8"]
[White "Agrest, Evgenij"]
[Black "Johansson, Jan"]
[Result "1/2-1/2"]
[WhiteElo "2668"]
[BlackElo "2489"]
[PlyCount "77"]

1. Nf3 Nf6 2. c4 e6 3. Nc3 Bb4 4. Qc2 c5 5. a3 Bxc3 6. Qxc3 O-O 7. b4 b6 8. Bb2
d6 9. e3 e5 10. Be2 Nbd7 11. O-O Bb7 12. d4 exd4 13. exd4 Re8 14. Rfe1 Nf8 15.
d5 Ng6 16. Bf1 Qd7 17. bxc5 bxc5 18. g3 Qf5 19. Nd2 Rxe1 20. Rxe1 Re8 21. Rxe8+
Nxe8 22. Bd3 Qh5 23. Bc2 Bc8 24. Qe3 Bd7 25. f3 Kf8 26. Nf1 Ne7 27. g4 Qh3 28.
Ng3 Qh4 29. Bc3 f5 30. Bd1 Nf6 31. Qf4 Ne8 32. Qe3 Nf6 33. Qf4 Ne8 34. Qd2 Kg8
35. Qe2 Kf8 36. Qd2 Nf6 37. Qf4 Ne8 38. Qd2 Nf6 39. Qf4 1/2-1/2

[Event "Elit(Upsala-Sollentuna)"]
[Site "?"]
[Date "2008.02.23"]
[Round "8"]
[White "Jansson, Borje"]
[Black "Ernst, Thomas"]
[Result "1/2-1/2"]
[WhiteElo "2297"]
[BlackElo "2526"]
[PlyCount "79"]

1. e4 c5 2. Nf3 d6 3. c3 Nf6 4. Be2 Nc6 5. d3 e5 6. O-O Be7 7. Nbd2 O-O 8. a3
d5 9. b4 a6 10. Bb2 b5 11. exd5 Nxd5 12. c4 Nf4 13. Nxe5 Nxe5 14. Bxe5 Nxd3 15.
Bxd3 Qxd3 16. bxc5 bxc4 17. c6 Be6 18. c7 Rac8 19. Nf3 Bf6 20. Qxd3 cxd3 21.
Bxf6 gxf6 22. Rac1 Rfe8 23. Rc3 Re7 24. Rfc1 Bf5 25. Kf1 Bg6 26. Nd2 Re2 27.
Rd1 h5 28. f3 Kf8 29. Ne4 Rc2 30. Rdxd3 Rxc7 31. Rxc7 Rxc7 32. Rd6 Bxe4 33.
fxe4 Ke7 34. Rxa6 Rc4 35. Ra5 h4 36. e5 f5 37. Kf2 Ke6 38. Rb5 Rc2+ 39. Kf1
Rc1+ 40. Kf2 1/2-1/2

[Event "Elit(Upsala-Sollentuna)"]
[Site "?"]
[Date "2008.02.23"]
[Round "8"]
[White "Berg, Emanuel"]
[Black "Andersson, Fredrik"]
[Result "1-0"]
[WhiteElo "2649"]
[BlackElo "2316"]
[PlyCount "117"]

1. e4 c5 2. Nf3 d6 3. d4 cxd4 4. Nxd4 Nf6 5. Nc3 Nc6 6. Bg5 Bd7 7. Be2 Rc8 8.
O-O Nxd4 9. Qxd4 Qa5 10. Be3 a6 11. f4 e6 12. e5 Nd5 13. Nxd5 Qxd5 14. Qxd5
exd5 15. c3 dxe5 16. fxe5 Bc5 17. Kf2 Ke7 18. Bf3 Be6 19. Rfd1 Rhd8 20. Rd2
Bxe3+ 21. Kxe3 Rc5 22. Rad1 Rd7 23. Rd4 f6 24. exf6+ Kxf6 25. Be4 g6 26. Bf3
Ke5 27. h4 b5 28. Re1 Rc4 29. Kd3+ Kd6 30. Rxe6+ Kxe6 31. Bg4+ Ke7 32. Bxd7
Kxd7 33. Rxd5+ Ke6 34. Rd4 Rc7 35. Re4+ Kf5 36. g4+ Kf6 37. Rf4+ Ke5 38. Re4+
Kf6 39. c4 bxc4+ 40. Rxc4 Rb7 41. b4 Ke5 42. Ke3 Kd5 43. Rc5+ Kd6 44. a3 Rb6
45. Kf4 h6 46. Rc8 Ke7 47. Rc7+ Ke6 48. Ke4 Kf6 49. Kd5 h5 50. gxh5 gxh5 51.
Rc6+ Rxc6 52. Kxc6 Kf5 53. Kb6 Kg4 54. Kxa6 Kxh4 55. b5 Kg4 56. b6 h4 57. b7 h3
58. b8=Q h2 59. Qxh2 1-0

[Event "Elit(Upsala-Sollentuna)"]
[Site "?"]
[Date "2008.02.23"]
[Round "8"]
[White "Glimbrandt, Torbjorn"]
[Black "Poley, Vladimir"]
[Result "0-1"]
[WhiteElo "2313"]
[BlackElo "2414"]
[PlyCount "144"]

1. e4 g6 2. d4 Bg7 3. Nc3 c6 4. Nf3 d5 5. h3 Nh6 6. e5 f6 7. Bf4 Nf7 8. exf6
exf6 9. Qe2+ Qe7 10. Qxe7+ Kxe7 11. O-O-O Nd8 12. Bd3 Ne6 13. Rde1 Nd7 14. g4
Kf7 15. Bd2 b6 16. h4 Bb7 17. h5 Rhe8 18. Ne2 c5 19. c3 Rac8 20. Kb1 Nc7 21.
hxg6+ hxg6 22. Nh4 Nf8 23. Nf4 Ba6 24. Bxa6 Nxa6 25. Nxd5 cxd4 26. Rxe8 Rxe8
27. cxd4 Rd8 28. Ne3 Rxd4 29. Bc3 Rf4 30. f3 Nc7 31. Rf1 Nb5 32. Nhg2 Nxc3+ 33.
bxc3 Ra4 34. Rd1 Ra5 35. Rd5 Rxd5 36. Nxd5 Nd7 37. f4 Bh6 38. Kc2 Nc5 39. c4
Bf8 40. Nge3 Bd6 41. Kc3 Ke6 42. Nc2 Ne4+ 43. Kd4 Nf2 44. Nce3 Bc5+ 45. Kc3 g5
46. fxg5 fxg5 47. Kd2 Ke5 48. Ke2 Bxe3 49. Nxe3 Ne4 50. Kf3 Kd4 51. Nc2+ Ke5
52. Nb4 Nd2+ 53. Ke2 Nxc4 54. Nc6+ Kf4 55. Nxa7 Kxg4 56. Nc6 Kf4 57. Nd4 Ke4
58. Nf3 g4 59. Nh4 g3 60. Ng2 Nd6 61. Nh4 Nc4 62. Ng2 b5 63. Nh4 Ne3 64. Kd2
Nf5 65. Ng2 Kd4 66. Nf4 Kc4 67. Ng2 Kb4 68. Kc2 Ka3 69. Kb1 Nd4 70. Ne3 Ne2 71.
Nc2+ Ka4 72. Ne3 Nf4 0-1

[Event "Elit(Upsala-Sollentuna)"]
[Site "?"]
[Date "2008.02.23"]
[Round "8"]
[White "Dzevlan, Miralem"]
[Black "Burwick, Malte"]
[Result "0-1"]
[WhiteElo "2454"]
[BlackElo "2285"]
[PlyCount "114"]

1. d4 g6 2. e4 Bg7 3. Nc3 d6 4. Be3 a6 5. g3 b5 6. Bg2 Bb7 7. Nge2 Nd7 8. O-O
e6 9. Qd2 h6 10. a4 b4 11. Na2 a5 12. c3 bxc3 13. Naxc3 Nb6 14. b3 d5 15. e5 c6
16. h3 Ba6 17. Rac1 Nd7 18. Na2 Ne7 19. f4 h5 20. Rc3 Rc8 21. Rfc1 Qb6 22. Bf2
Bh6 23. R1c2 h4 24. Nac1 hxg3 25. Nxg3 Rg8 26. Kh2 Qd8 27. Be3 Rh8 28. Nd3 Bxd3
29. Qxd3 Kf8 30. Qf1 Kg7 31. Bc1 Qb6 32. Ba3 c5 33. dxc5 Qb7 34. Qb5 Qxb5 35.
axb5 Bxf4 36. c6 Bxg3+ 37. Kxg3 Nf5+ 38. Kh2 Nxe5 39. Bb2 f6 40. b6 Nd4 41. c7
Nxc2 42. Rxc2 a4 43. Bxe5 axb3 44. Rb2 fxe5 45. Bf1 Rxc7 46. bxc7 Rc8 47. Rxb3
Rxc7 48. Kg3 e4 49. Be2 Rc6 50. Rb8 e5 51. Rd8 d4 52. Bf1 Rc3+ 53. Kf2 Kf6 54.
Bg2 e3+ 55. Kg3 d3 56. Bf3 e4 57. Bg4 Rc1 0-1

[Event "Elit(Upsala-Sollentuna)"]
[Site "?"]
[Date "2008.02.23"]
[Round "8"]
[White "Svensson, Mans"]
[Black "Couso, Luis"]
[Result "0-1"]
[WhiteElo "2245"]
[BlackElo "2350"]
[PlyCount "58"]

1. d4 d5 2. c4 c6 3. Nf3 dxc4 4. e3 Be6 5. Nc3 Nf6 6. e4 b5 7. e5 Nd5 8. Ne4
Bf5 9. Ng3 e6 10. a3 Bg6 11. Be2 Be7 12. h4 h6 13. h5 Bh7 14. Rh3 Nd7 15. Nf1
c5 16. Rg3 cxd4 17. Nxd4 Nxe5 18. Rxg7 Bf6 19. Rg3 Qa5+ 20. Bd2 Qb6 21. Nf3
Nd3+ 22. Bxd3 Bxd3 23. Ne3 Bxb2 24. Ng4 Nc3 25. Bxc3 Bxc3+ 26. Nd2 O-O-O 27.
Ra2 f5 28. Qf3 fxg4 29. Qa8+ Kc7 0-1

[Event "Elit(Upsala-Sollentuna)"]
[Site "?"]
[Date "2008.02.23"]
[Round "8"]
[White "Agrest, Inna"]
[Black "Marttala, Thomas"]
[Result "1-0"]
[WhiteElo "2398"]
[BlackElo "2272"]
[PlyCount "95"]

1. e4 e5 2. Nf3 Nc6 3. Bb5 a6 4. Ba4 d6 5. c3 Bd7 6. d4 g6 7. O-O Bg7 8. Re1
Nge7 9. Be3 O-O 10. Nbd2 b5 11. Bb3 exd4 12. cxd4 Bg4 13. h3 Bxf3 14. Nxf3 Na5
15. Bc2 Nc4 16. Bc1 c5 17. b3 Nb6 18. Be3 Rc8 19. Rc1 c4 20. Bb1 d5 21. e5 Qd7
22. Qd2 Rc6 23. Bh6 Rfc8 24. Qf4 Qe8 25. Qh4 Bxh6 26. Qxh6 Qf8 27. Qh4 cxb3 28.
Rxc6 Rxc6 29. axb3 Rc3 30. Nh2 Nd7 31. Ng4 Rc6 32. f4 Kh8 33. Qg5 Ng8 34. f5
Qb4 35. Qe3 Rc3 36. Qf2 Rxb3 37. Bc2 Rb2 38. Re2 Qe7 39. Qf3 Nf8 40. Ne3 Qb4
41. Qxd5 Qe7 42. Qe4 gxf5 43. Nxf5 Qg5 44. d5 Ng6 45. Rf2 Nh6 46. Nxh6 Qxh6 47.
e6 fxe6 48. dxe6 1-0

[Event "Elit(Upsala-Sollentuna)"]
[Site "?"]
[Date "2008.02.23"]
[Round "8"]
[White "Brandberg, Joakim"]
[Black "Bergstrom, Peter"]
[Result "0-1"]
[WhiteElo "2084"]
[BlackElo "2349"]
[PlyCount "74"]

1. c4 c6 2. e4 d5 3. exd5 cxd5 4. cxd5 Nf6 5. Nc3 g6 6. Bc4 Bg7 7. Nge2 O-O 8.
O-O Na6 9. d3 Nc7 10. Qb3 b6 11. Nd4 Bb7 12. Nc6 Bxc6 13. dxc6 Qd6 14. d4 e6
15. Rd1 Rfd8 16. g3 Qxc6 17. Bg5 Rac8 18. Rac1 Qb7 19. Bf1 h6 20. Bg2 Qa6 21.
Bf4 Nfd5 22. Nxd5 Nxd5 23. Rxc8 Qxc8 24. Rc1 Qa6 25. Be5 Bxe5 26. dxe5 Qe2 27.
Qa3 Qxe5 28. Qxa7 Qxb2 29. Rf1 Kg7 30. a4 Qb4 31. Rd1 Qc5 32. h4 h5 33. Qb7 Qc2
34. Re1 Qxa4 35. Rxe6 Qa1+ 36. Kh2 Nf6 37. Bh3 Rd7 0-1

[Event "Elit(Wasa-Skara)"]
[Site "?"]
[Date "2008.03.07"]
[Round "9"]
[White "Kotronias, Vasilios"]
[Black "von Bahr, Oskar"]
[Result "1-0"]
[WhiteElo "2718"]
[BlackElo "2388"]
[PlyCount "38"]
[SourceDate "2008.03.10"]

1. e4 c5 2. Nf3 d6 3. d4 cxd4 4. Nxd4 Nf6 5. Nc3 Nc6 6. Bg5 e6 7. Qd2 a6 8.
O-O-O Bd7 9. f4 h6 10. Bh4 Qc7 11. Bxf6 gxf6 12. Nxc6 Bxc6 13. f5 h5 14. Kb1
O-O-O 15. fxe6 fxe6 16. Bc4 Qe7 17. Rhe1 Bd7 18. Qf2 Be8 19. Qa7 Rg8 1-0

[Event "Elit(Wasa-Skara)"]
[Site "?"]
[Date "2008.03.07"]
[Round "9"]
[White "Hellborg, Teodor"]
[Black "Cicak, Slavko"]
[Result "0-1"]
[WhiteElo "2384"]
[BlackElo "2581"]
[PlyCount "62"]

1. d4 Nf6 2. c4 c5 3. d5 a6 4. Nc3 b5 5. cxb5 axb5 6. Nxb5 Qa5+ 7. Nc3 Ne4 8.
Bd2 Nxd2 9. Qxd2 d6 10. e4 g6 11. h4 Bg7 12. h5 O-O 13. f4 Ba6 14. hxg6 hxg6
15. Rh3 Nd7 16. Rc1 Rfb8 17. f5 Qb4 18. fxg6 fxg6 19. Bxa6 Rxa6 20. Qg5 Qxb2
21. Nge2 Ne5 22. Qxe7 Qb7 23. Qh4 Qf7 24. Qh7+ Kf8 25. Qh4 Qf6 26. Nf4 g5 27.
Ne6+ Qxe6 28. dxe6 gxh4 29. Nd5 Rxa2 30. Rxh4 Nd3+ 31. Kd1 Rbb2 0-1

[Event "Elit(Wasa-Skara)"]
[Site "?"]
[Date "2008.03.07"]
[Round "9"]
[White "Djurhuus, Rune"]
[Black "Wedberg, Tom"]
[Result "1-0"]
[WhiteElo "2570"]
[BlackElo "2556"]
[PlyCount "71"]

1. e4 e5 2. Nf3 Nc6 3. Bb5 a6 4. Bxc6 dxc6 5. O-O f6 6. d4 Bg4 7. c3 Bd6 8. Be3
Nh6 9. Nbd2 Nf7 10. Qb3 Qc8 11. dxe5 fxe5 12. Ng5 Nxg5 13. Bxg5 Be6 14. Qd1 Qd7
15. Qh5+ Bf7 16. Qe2 b5 17. Rfd1 O-O 18. Nb3 Bc4 19. Qe3 Qe6 20. Na5 Bxa2 21.
c4 bxc4 22. Rxa2 h6 23. Bxh6 gxh6 24. Ra4 Kh7 25. Nxc4 Rf6 26. Rd2 Rg8 27. Nxd6
cxd6 28. Rxa6 c5 29. g3 Qe7 30. b4 Rc8 31. bxc5 Rxc5 32. Raxd6 Rc1+ 33. Rd1
Rxd6 34. Rxc1 Rd4 35. Rc6 Qg7 36. Qf3 1-0